• 首页
  • 本馆介绍
  • 公告通知
  • 最新文献
  • 馆藏检索
  • 电子资源
  • 读者导购
  • 参考咨询
  • 我的图书馆
  • 登录
  • 详细信息显示
  • 放入我的书架
  • 预约/预借图书
  • 作者相关作品
  • 分类相关作品
  • 丛书相关作品
  • 出版社相关作品

书目信息

  • 表格格式
  • 工作单格式
  • 卡片格式
题名:
作物-土壤主要养分高光谱监测基础与应用
    
 
作者: 卢艳丽 等著
分册:  
出版信息: 北京   中国农业出版社  2019.10
页数: 159页
开本: 26cm
丛书名:
单 册:
中图分类: S158.3
科图分类:
主题词: 遥感图象--yao gan tu xiang--图象处理--应用--土壤有效养分--土壤监测
电子资源:
ISBN: 978-7-109-25972-0
000 00932nam0 2200229 450
001 0109110239
005 20201109110340.0
010    @a978-7-109-25972-0@b精装@dCNY80.00
100    @a20200713d2019 em y0chiy50 ea
101 0  @achi
102    @aCN@b110000
105    @aa z 000yy
106    @ar
200 1  @a作物-土壤主要养分高光谱监测基础与应用@Azuo wu-tu rang zhu yao yang fen gao guang pu jian ce ji chu yu ying yong@f卢艳丽等著
210    @a北京@c中国农业出版社@d2019.10
215    @a159页@c图,照片@d26cm
330    @a本书分为上下两篇,上篇以小麦和玉米为例阐述了作物营养诊断机理、方法、数据分析及氮素营养诊断模型的建立与评价,下篇以东北地区的主要土壤类型为例,阐述了土壤营养属性光谱预测潜力及光谱库的建立。
606 0  @a遥感图象@Ayao gan tu xiang@x图象处理@x应用@x土壤有效养分@x土壤监测
690    @aS158.3@v5
701  0 @a卢艳丽@Alu yan li@4等著
801  0 @aCN@bBJSZM@c20201103
905    @b1241719-22@dS158.3@e133@f4
    
    作物-土壤主要养分高光谱监测基础与应用/卢艳丽等著.-北京:中国农业出版社,2019.10
    159页:图,照片;26cm
    
    
    ISBN 978-7-109-25972-0(精装):CNY80.00
    本书分为上下两篇,上篇以小麦和玉米为例阐述了作物营养诊断机理、方法、数据分析及氮素营养诊断模型的建立与评价,下篇以东北地区的主要土壤类型为例,阐述了土壤营养属性光谱预测潜力及光谱库的建立。
●
相关链接 在E读中查询图书 在五车中查询图书 在当当中查询图书 在豆瓣中查询图书


正题名:作物-土壤主要养分高光谱监测基础与应用     索取号:S158.3/133         预约/预借

序号 登录号 条形码 馆藏地/架位号 状态 备注
1 1241719   212417197   第二样本阅览室/ [索取号:S158.3/133] 在馆    
2 1241720   212417204   第三借阅区/ [索取号:S158.3/133] 在馆    
3 1241721   212417213   第三借阅区/ [索取号:S158.3/133] 在馆    
4 1241722   212417222   第三借阅区/ [索取号:S158.3/133] 在馆    
唐山师范学院图书馆 欢迎您!
大连网信软件有限公司© 版权所有